Vaidya Sanmitra. (Record no. 76760)

MARC details
000 -LEADER
fixed length control field 00532cam a22002171 4500
001 - CONTROL NUMBER
control field sa 67007738
003 - CONTROL NUMBER IDENTIFIER
control field DLC
005 - DATE AND TIME OF LATEST TRANSACTION
control field 20260227112418.0
008 - FIXED-LENGTH DATA ELEMENTS--GENERAL INFORMATION
fixed length control field 810815m19519999xx ac 000 0 kan
010 ## - LIBRARY OF CONGRESS CONTROL NUMBER
LC control number sa 67007738
035 ## - SYSTEM CONTROL NUMBER
System control number (OCoLC)14646937
040 ## - CATALOGING SOURCE
Original cataloging agency DLC
Transcribing agency DNLM
Modifying agency DLC
042 ## - AUTHENTICATION CODE
Authentication code premarc
050 00 - LIBRARY OF CONGRESS CALL NUMBER
Classification number R606
Item number .J3
060 0# - NATIONAL LIBRARY OF MEDICINE CALL NUMBER
Classification number WB 50
Item number JI4 J4v
100 1# - MAIN ENTRY--PERSONAL NAME
Personal name Jayade, Pandurang Vishnu,
Dates associated with a name 1914-
245 10 - TITLE STATEMENT
Title Vaidya Sanmitra.
260 ## - PUBLICATION, DISTRIBUTION, ETC.
Date of publication, distribution, etc. 1951- [v. 1, 1964]
300 ## - PHYSICAL DESCRIPTION
Extent v.
Other physical details ill., ports.
500 ## - GENERAL NOTE
General note In Kannada.

No items available.

Powered by Koha